Даты ИстРоса #11: 1801-1825 - Statistics

General Stats
  • This quiz has been taken 11 times
    4 since last reset
  • The average score is 52 of 62
Answer Stats
Событие Дата % Correct
Восстание декабристов (день, месяц, год: 00.00.1800) 14.12.1825
100%
Вступление на престол Александра I(месяц, год) март 1801
100%
Создание Непременного Совета 1801
100%
Указ о вольных хлебопашцах 1803
100%
Цензурный устав 1804
100%
Университетский устав 1804
100%
Русско-персидская война 1804-1813
100%
Формирование III антифранцузскойкоалиции 1805
100%
Формирование IV антифранцузскойкоалиции 1806-1807
100%
Русско-турецкая война 1806-1812
100%
Сражение при Фридланде(месяц, год) июнь 1807
100%
Афонское сражение 1807
100%
Тильзитский мир (месяц, год) июнь 1807
100%
Эрфуртское свидание 1808
100%
Русско-шведская война 1808-1809
100%
Сейм в Борго 1809
100%
Подписание Фридрихсгамского мира 1809
100%
Указы о придворных званиях и об экзаменах на чин 1809
100%
Образование Государственного совета 1810
100%
Сражение при Рущуке 1811
100%
Написание Н.М. Карамзиным «Записки о древней и новой России» 1811
100%
Вторжение Наполеона в Россию(месяц, год) июнь 1812
100%
Смоленское сражение (месяц, год) август 1812
100%
Бородинское сражение (месяц, год) август 1812
100%
Занятие Наполеоном Москвы(месяц, год) сентябрь 1812
100%
Оставление Наполеоном Москвы(месяц, год) октябрь 1812
100%
Разгром наполеоновских войск припереправе через Березину (месяц, год) ноябрь 1812
100%
Гюлистанский мир 1813
100%
Начало заграничного похода русской армии (месяц, год) январь 1813
100%
«Битва народов» под Лейпцигом(месяц, год) октябрь 1813
100%
Заседания Венского конгресса 1814-1815
100%
Образование Священного союза 1815
100%
Дарование конституции Царству Польскому 1815
100%
Начало массовой организации военных поселений 1816
100%
Образование Союза спасения 1816
100%
Образование Союза благоденствия 1818
100%
Аахенский конгресс 1818
100%
Восстание в Чугуевском военном поселении 1819
100%
Основание университета в Санкт-Петерберге 1819
100%
"Семеновская история" 1820
100%
Конгресс в Троппау 1820
100%
Образование Южного и Северного обществ 1821
100%
Конгресс в Лайбахе 1821
100%
Веронский конгресс 1822
100%
Смерть Александра I в г. Таганроге 1825
100%
Казнь Рылеева, Пестеля, Сергея Муравьева-Апостола,
Бестужева-Рюмина, Каховского
1826
100%
Возобновление работы Дерптскогоуниверситета 1802
50%
Проведение министерской реформы 1802-1811
50%
Возобновление работы Виленскогоуниверситета 1803
50%
Новое положение об учебных заведениях 1803
50%
Расстрел герцога Энгиенского 1804
50%
Сражение при Прейсиш-Эйлау(месяц, год) январь 1807
50%
Разработка Сперанским проекта «Введения к Уложению государственных законов». 1809
50%
Бухарестский мир(месяц, год) май 1812
50%
Битва под Малоярославцем(месяц, год) октябрь 1812
50%
Манифест Александра I оботражении агрессии Наполеона (месяц, год) декабрь 1812
50%
Открытие Антарктиды 1820
50%
Восстание Черниговского полка(месяц, год) декабрь 1825
50%
Аустерлицкое сражение (месяц, год) ноябрь 1805
0%
Битва при Ватерлоо (месяц, год) июнь 1815
0%
Освобождение крестьян в Прибалтике 1816-1819
0%
Подтверждение права помещиков ссылать своих крепостных в Сибирь 1822
0%
No matching quizzes found
Score Distribution
Percent of People with Each Score
Percentile by Number Answered
Your Score History
You have not taken this quiz since the last reset